000
00214nam a22000857a 4500
008
170612b xxu||||| |||| 00| 0 eng d
100
_a
Chhibber S. N
_9
2083
245
_a
Mathematics -X
260
_a
New Delhi
_b
A. B. D
_c
2009
999
_c
6689
_d
6689